000 00579nam a2200217Ii 4500
003 JO-AjNU
008 230606s9999||||xx |||||||||||||| ||und||
020 _a91554705
040 _aJO-AjNU
_beng
_erda
_cJO-AjNU
041 _aeng
050 1 4 _aDS159.9 1981
100 3 _aMinistry of Information, Jordan,
_eauthor
_94023
245 0 0 _aJordan
250 _a2 ed
264 3 1 _aAmman: Ministry of Information, 1981
300 _a158p
336 _atext
_btxt
_2rdacontent
337 _aunmediated
_bn
_2rdamedia
338 _avolume
_bnc
_2rdacarrier
650 4 _aJordan
_94024
999 _aE2095
_c2094
_d2094